000 00447nam a2200181Ia 4500
001 10402
005 20260306161830.0
008 260306t1947||||xx |||||||||||||| ||spa||
041 _aESP
082 _a923.146
_bG36
100 _aGenovés, Vicente
_eAUT
245 0 _aDoña Juana de Aragón, la triste reina de Napoles
260 _c1947
300 _a264 páginas :
_c17 cm.
650 _aGEN
654 _aCHU
942 _cLIB
_dJUS
_fJUS
_2ddc
_n
999 _c10402
_d10402